Представление документа в формате RUSMARC

ПолеНазваниеЗначение
  Тип записи a
  Библиографический уровень a
001 Контрольный номер RU/CBS_Ul/BASE/546269451
005 Дата корректировки 20240209175212.2
100 Данные общей обработки __
a Данные общей обработки 20170423d2017 ||| 0rusy0189 ca
101 Язык документа 0_
a Язык текста rus
102 Страна публикации __
a Страна публикации RU
105 Кодированные данные (монография) __
a Кодированные данные (монография) y###||||000|y
200 Заглавие и сведения об ответственности 1_
a Заглавие Многоцелевой самолёт "Лайсендер"
b Общее обозначение материала Текст
e Сведения, относящиеся к заглавию [универсальный английский самолёт "Лайсендер"]
f Первые сведения об ответственности К. А. Кузнецов
300 Общие примечания __
a Общие примечания Ограничения по возрасту - 16+
461 Уровень набора _0
1 2000
a Крылья Родины
463 Уровень физической единицы _0
1 001RU/CBS_Ul/BASE/537539036
1 2000
a № 11-12
v С. 114-127 : фото
1 210
d 2016
606 Тематические рубрики 0_
a Основная рубрика "Лайсендер", многоцелевые самолёты - Великобритания
y Географическая подрубрика Великобритания
610 Ключевые слова 0_
a Ключевые слова Вторая Мировая война
a Ключевые слова военная авиация
a Ключевые слова штурмовики
a Ключевые слова самолёты
a Ключевые слова английские самолёты
a Ключевые слова самолёты английские
a Ключевые слова воздушные бои
a Ключевые слова боевые вылеты
a Ключевые слова Лайсендер (самолёты)
686 Индексы других классификаций __
a Классификационный индекс 68.49(4Вел)
2 Код системы ББК
700 Автор _1
a Фамилия Кузнецов
b Имя (инициалы) К. А.
801 Источник записи _0
a Страна RU
b Организация МБУК ЦБС г. Ульяновска
c Дата составления 20170423
g Правила каталогизации RCR
801 Источник записи _1
a Страна RU
b Организация МБУК ЦБС г. Ульяновска
c Дата составления 20170423
g Правила каталогизации RCR
901 Тип документа __
t Тип документа b
w Контрольный № источника RU/CBS_Ul/BASE/537539036
910 Корректоры записи __
a Корректор записи Библиотека 2
938 Служебная информация __
a Имя БД period